Statistics for Miscellaneous Quiz

Click here to take the quiz!

General Stats

  • This quiz has been taken 17 times
  • The average score is 5 of 15

Answer Stats

HintAnswer% Correct
What kind of supernatural beings are Stefan and Damon Salvatore?Vampires
67%
Scottish Folds, Ragdolls and Russian Blues are breeds of what animal?Cat
58%
What is kismet?Destiny
58%
What is a lyncanthrope?Werewolf
58%
How many seasons are there of Buffy the Vampire Slayer?Seven
50%
Rhythmix was the original name of what girl band?Little Mix
33%
What earlier song does Taylor Swift reference in Invisible String?Bad Blood
25%
Who wrote The Twilight Saga?Stephenie Meyer
25%
Which book character was completely absent from The Hunger Games movies?Madge
17%
What was originally the final episode of The X-Files?The Truth
17%
Who played John Steed's first female accomplice?Honor Blackman
8%
What show did Phoebe Buffay's sister come from?Mad About You
8%
Who did Audrey Hepburn play in How To Steal A Million?Nicole Bonnet
8%
What does deja vu translate as?Seen again
8%
What is the full name that Wendy that gives to Peter Pan when asked?Wendy Moira Angela Darling
8%

Score Distribution

Percentile by Number Answered

Percent of People with Each Score

Your Score History

You have not taken this quiz